Použitie analytickej metódy hodnotenia prác pri zaradení novej tarifnej činnosti do tarifnej triedy
Zaradenie nového príkladu pracovnej činnosti do tarifnej triedy podľa Jednotného katalógu prác a charakteristiky pracovných tried. Použitie analytickej metódy hodnotenia v podniku. Odborná príprava. Zložitosť práce. Organizácia a riadenie práce. Zodpovednosť. Záťaž. Riziko pracovného úrazu. Základné...
Salvato in:
| Autore principale: | |
|---|---|
| Natura: | Capitolo di libro |
| Lingua: | slovacco |
| Soggetti: | |
| Tags: |
Nessun Tag, puoi essere il primo ad aggiungerne!!
|
MARC
| LEADER | 00000naa a2200000 4500 | ||
|---|---|---|---|
| 001 | r033745 | ||
| 005 | 20230926073047.4 | ||
| 041 | 0 | |a slo | |
| 044 | |a SK | ||
| 245 | 1 | 0 | |a Použitie analytickej metódy hodnotenia prác pri zaradení novej tarifnej činnosti do tarifnej triedy |c Jozef Vrábeľ |
| 520 | |a Zaradenie nového príkladu pracovnej činnosti do tarifnej triedy podľa Jednotného katalógu prác a charakteristiky pracovných tried. Použitie analytickej metódy hodnotenia v podniku. Odborná príprava. Zložitosť práce. Organizácia a riadenie práce. Zodpovednosť. Záťaž. Riziko pracovného úrazu. Základné kritériá hodnotenia. Bodové hodnotenie. Praktický príklad. | ||
| 610 | 2 | 0 | |a hodnotenie funkcií pracovných |
| 610 | 2 | 0 | |a katalógy kvalifikačné |
| 610 | 2 | 0 | |a katalógy prác |
| 610 | 2 | 0 | |a triedy kvalifikačné |
| 610 | 2 | 0 | |a triedy tarifné |
| 610 | 2 | 0 | |a analýzy |
| 100 | 1 | |a Vrábeľ, Jozef | |